000 00671nam a22002297a 4500
005 20170124110004.0
010 _a772192
020 _c00.00
035 _a772192
037 _bCen Lib/Ret
040 _aDPL
_bEN
082 _a220.24
_bSAT
100 _aSatya Prakash
_916516
245 _aParables and dialogues from the Upaniá¹£ads /
_cby Satya Prakash
260 _aNew Delhi
_bS. Chand
_c1975
270 _bNew Delhi
_aRam Nagar
_e110055
300 _axiii,204p.
_c22cm(Hb)
500 _aIncludes index
650 _aUpanishads -- Paraphrases, English
_916517
650 _aUpanishads -- Parables
_916518
942 _2ddc
_cEN
_h220.24
_mSAT
999 _c126071
_d126071